000
00333nam a22001457a 4500
008
221104b ||||| |||| 00| 0 eng d
020
_a
6529011
041
_a
eng
080
_2
VOLUME1
_a
521
082
_a
521DES
100
_a
19.1
101
_a
ASTRO
245
_a
ASTROPHYSICS AND GENERAL RELATIVITY
_c
DESER CH
942
_2
udc
_c
BK
999
_c
58748
_d
58748